Dimensionen. Magazin 1 : Lehrwerk Deutsch als Fremdsprache / Lernstationen 1-5

Hlavní autor: Jenkins, Eva-Maria
Další autoři: Fischer, Roland, Hirschfeld, Ursula
Jazyk: Němčina
Vydáno: Ismaning : Max Hueber, 2006
Vydání: 3. Aufl.
Témata:
Fyzický popis: 72 s., fotografie, ilustrace
Knihy
Uloženo v:
LEADER 01187nam a2200337za 4500
001 001001175
003 CZ BrMZK
005 20201101114936.0
007 ta
008 080512s2006 gw ||||grp 0 ger d
020 |a 3-19-041681-8 
040 |a BOA001  |b cze 
072 7 |a 811.112.2  |x Němčina  |2 Konspekt  |9 11 
072 7 |a 37.016  |x Učební osnovy. Vyučovací předměty. Učebnice  |2 Konspekt  |9 22 
080 |a 811.112.2  |2 MRF 
080 |a (075)  |2 MRF 
100 1 |a Jenkins, Eva-Maria  |7 mzk2006323053 
245 1 0 |a Dimensionen. Magazin 1 :  |b Lehrwerk Deutsch als Fremdsprache /  |c Eva-Maria Jenkins, Roland Fischer, Ursula Hirschfeld,  |n Lernstationen 1-5 
250 |a 3. Aufl. 
260 |a Ismaning :  |b Max Hueber,  |c 2006 
300 |a 72 s.,  |b fotografie, ilustrace 
500 |a + 1 CD a 2 učebnice 
541 |a 20.2.2008 
650 0 7 |a němčina  |7 ph115512  |2 czenas 
655 7 |a učebnice  |7 fd133770  |2 czenas 
700 1 |a Fischer, Roland 
700 1 |a Hirschfeld, Ursula  |7 xx0015959 
910 |a BOA001  |b NK-0005.129 
990 |a BK 
991 |z 000049763  |x 44 
996 7 |b 261D006824  |c NK-0005.129  |l Německá knihovna/2.patro  |r ZHR  |n 17  |p {D-05.129}  |h D  |w 001001175  |u 000010  |a 0  |e BOA001  |j MZK50  |s A